| 000 -LEADER |
| fixed length control field |
00627nam a22002057a 4500 |
| 005 - DATE AND TIME OF LATEST TRANSACTION |
| control field |
20141017094700.0 |
| 008 - FIXED-LENGTH DATA ELEMENTS--GENERAL INFORMATION |
| fixed length control field |
881230s1989 moua b 001 0 eng c |
| 020 ## - INTERNATIONAL STANDARD BOOK NUMBER |
| International Standard Book Number |
0801657318 |
| 024 #0 - OTHER STANDARD IDENTIFIER |
| Terms of availability |
eng |
| 080 ## - UNIVERSAL DECIMAL CLASSIFICATION NUMBER |
| Universal Decimal Classification number |
641.56 WILL |
| 100 1# - Rafti |
| Rafti |
Williams, Sue Rodwell. |
| 245 10 - TITLE STATEMENT |
| Title |
Nutrition and diet therapy / |
| Statement of responsibility, etc |
Sue Rodwell Williams. |
| 250 ## - |
| -- |
6th ed. |
| 260 ## - |
| -- |
St. Louis : |
| -- |
Times Mirror/Mosby College Pub., |
| -- |
1989. |
| 300 ## - |
| -- |
1 v. (various pagings) : |
| -- |
me il.; |
| -- |
28 cm. |
| 440 #0 - |
| -- |
Times Mirror/Mosby series in nutrition |
| 504 ## - BIBLIOGRAPHY, ETC. NOTE |
| Bibliography, etc |
Includes bibliographies and index. |
| 650 #2 - |
| -- |
Ushqimi dietik |
| 942 ## - ADDED ENTRY ELEMENTS (KOHA) |
| Source of classification or shelving scheme |
|
| Item type |
Books |